| 000 | 00705nam a22002057a 4500 | ||
|---|---|---|---|
| 090 | _c10498 | ||
| 008 | 090128t xxu||||| |||| 00| 0 eng d | ||
| 020 | _a9780540091515 (cased) | ||
| 082 |
_222 _a032 _bPHI |
||
| 245 |
_aPhilip's encyclopedia/ _cEditor. Lester Hawksby, Art editor. Mike Brown & Production. Sally Banner |
||
| 250 | _aComprehensive ed. | ||
| 260 |
_aLondon : _bPhilip's, _c2007 |
||
| 300 |
_a960 p. : _b ill. (chiefly col.), col. maps, ports. (chiefly col.) ; _c28 cm. |
||
| 500 | _aIncludes index. | ||
| 650 |
_91888 _aEncyclopedias and dictionaries |
||
| 700 |
_91889 _aHawksby, Lester |
||
| 700 |
_91890 _aBrown, Mike |
||
| 700 |
_91891 _aBanner, Sally |
||
| 942 |
_2ddc _cREFERENCE |
||
| 999 |
_c10498 _d10498 |
||